01007 2200325 4500001002100000005001500021035002000036007000300056008004100059020002200100040002200122082001400144084001600158090002000174090002200194100002600216245013300242250002600375300002900401650002500430700003200455850001200487504003400499264003000533336002100563337003000584338002300614999002200637990002200659INLIS00000000085836820210407113524 a0010-0421000273ta210407s2020 yoi e 0 ind d a978-979-21-6564-7 aYOPDYOGbinderda04223a248.4 a248.4 ARD p aDEP 248.4 ARD p aCB-D.11 2020-14230 aArdus Jehautepenulis10aPenyelidikan kanonik perkawinan :binstrumen yuridis antisipatoris mencegah nulitas /cArdus Jehaut; penyunting, Lucia Indarwati aCetakan pertama: 2020 avi, 140 halaman ;c19 cm 4aPerkawinan (katolik)0 aLucia Indarwatiepenyunting aYOPDYOG aBibliografi : halaman 128-14031aSleman :bKanisius,c2020 2rdacontentateks 2rdamediaatanpa perantara 2rdacarrieravolume aCB-D.11/2020-1423 aCB-D.11/2020-1423